000
00278nam a22001337a 4500
003
SGT
082
_a
541 SPA
100
_a
SPAH D.C
245
_a
PHYSICAL CHEMISTRY
260
_a
MEERUT
_b
PRAGATI PRAKASHAN
_c
2016
300
_a
346
650
_a
CHEMISTRY
942
_2
ddc
_c
FPS
_0
53
999
_c
10054
_d
10054